|
|
|
|
| LEADER |
00000cam a2200000 7i4500 |
| 001 |
0000002028 |
| 005 |
20020819.0 |
| 020 |
0 |
0 |
|a 9832446392
|
| 090 |
0 |
0 |
|a R581.634
|b TUM 2002
|
| 245 |
0 |
0 |
|a TUMBUHAN ubatan Malaysia
|c suntingan Kamarudin Mat-Salleh, A. Latiff
|
| 260 |
0 |
0 |
|a Bangi, Selangor :
|b UKM ,
|c 2002
|
| 300 |
|
|
|a vi, 797 p., 64 col. plates :
|b col. ill. ;
|c 26 cm.
|
| 500 |
0 |
0 |
|a Includes bibliography : (657) - 712 and index
|
| 650 |
0 |
0 |
|a Herbs
|x Therapeutic use
|z Malaysia
|
| 650 |
0 |
0 |
|a Medicinal plants
|z Malaysia
|
| 700 |
0 |
1 |
|a A. Latif
|
| 700 |
0 |
1 |
|a Kamarudin Mat-Salleh
|
| 710 |
1 |
1 |
|a Malaysia ,
|c Kementerian Sains, Teknologi dan Alam Sekitar
|
| 710 |
1 |
1 |
|a Universiti Kebangsaan Malaysia (UKM)
|
| 998 |
|
|
|a JPSM
|
| 999 |
|
|
|a 0000003393
|b Monograph
|c Reference
|e Default branch
|
| 999 |
|
|
|a 0000003454
|b Monograph
|c Open Shelf
|e Default branch
|
| 999 |
|
|
|a 0000003455
|b Monograph
|c Open Shelf
|e Default branch
|